000 01082nam0a22002651 4500
001 rc\2608036
005 20250623133636.0
035 _a(NLR Aleph) 006771972
090 _a5954069
_c5954069
100 _a20110914d1930 |||y0rusy50 ca
101 0 _arus
102 _aRU
105 _aa z |||||
200 1 _aК вопросу об этиологии летнего детского поноса
_fПр.-доц. С. С. Речменский
210 _aМосква
_aЛенинград
_cГос. мед. изд-во
_cМосполиграф
_d1930
_g13-я типо-цинк. "Мысль печатника"
215 _a42, [2] с., 1 вкл. л. крас. ил.
_cграф.
_d21х15 см.
225 1 _aОхрана материнства и младенчества
320 _aБиблиография: "Литература" (57 названий)
700 1 _aРечменский
_bС.С.
_f1893-
_gСергей Сергеевич
801 0 _aRU
_bNLR
_gpsbo
801 1 _aRU
_bELAR
_2rusmarc
852 _aNLR
_j30.10/2256
942 _cBOOK
980 _aNB